| 000 | 01958nam0a2200385 4500 | ||
|---|---|---|---|
| 001 | RU\NLR\BIBL_A\011924906 | ||
| 005 | 20190221112409.0 | ||
| 010 |
_a978-5-04-091650-4 _92000 |
||
| 021 |
_aRU _bКН-П-18-099196 _9КН-П-18-7202 |
||
| 035 | _a(NLR Aleph) 011924906 | ||
| 035 | _a(RuMoRGB)009846649 | ||
| 090 |
_a11007935 _c11007935 |
||
| 100 | _a20190201d2019 u y0rusy50 ca | ||
| 101 | 1 |
_arus _ceng |
|
| 102 | _aRU | ||
| 105 | _aa|||j|||000zy | ||
| 200 | 1 |
_aКонструирование и моделирование одежды для детей и подростков _eклассический британский метод _e[пособие] _fУинифред Алдрич _g[перевод с англ. О.А. Савчук] |
|
| 205 | _a4-е изд., перераб. и доп. | ||
| 210 |
_aМосква _cЭксмо _d2019 [т.е. 2018] |
||
| 215 |
_a207, [1] с. _cил., цв. ил., табл. _d26 |
||
| 225 | 1 |
_aМировой бестселлер рукоделия _eэнциклопедии, которые изменили мир |
|
| 300 | _aНа 4-й с. обл. авт.: Уинифред Алдрич, модельер | ||
| 300 | _aКн. фактически изд. в 2018 г. | ||
| 313 | _aИзд. 2013 г. под заголовком "Английский метод конструирования и моделирования. Детская одежда для новорожденных, детей и подростков до 14 лет". | ||
| 320 | _aБиблиогр.: с. 206 | ||
| 333 | _a12+ | ||
| 606 | 1 |
_aДетская одежда _xКонструирование _9955824 _3RU\NLR\AUTH\66356198 |
|
| 606 | 1 |
_aДетская одежда _xМоделирование _9956002 _3RU\NLR\AUTH\66356289 |
|
| 686 | 1 | _aМ416-2 | |
| 700 | 1 |
_aАлдрич _bУ. _gУинифред |
|
| 942 | _cBOOK | ||
| 980 | _aNBR | ||
| 980 | _aNB | ||